000 01077nam a2200217Ia 4500
003 Ost
005 20260507075133.0
008 260507s9999||||xx |||||||||||||| ||und||
020 _a5100329957
040 _cfsecg
041 _aara
082 _a330
100 _aالتكريتي، اسماعيل يحي
_eمؤلف
245 0 _aمحاسبة التكاليف بين النظرية والتطبيق /
_c اسماعيل يحي التكريتي
260 _aعمان:
_bدار ومكتبة الحامد,
_c2006
300 _a276 صفحة؛
_bإيضاحات ؛
_c24 سم
520 _aمحاسبة التكاليف- تبويبات- نظريات التكاليف- عنصر تكلفة المواد والرقابة عليه- عنصر تكلفة العمل والرقابة عليه- التكاليف الصناعية الغير مباشرة والرقابة عليه- نظام الأوامر الإنتاجي- تكاليف المنتجات المشتركة ومعالجتها.
653 _aالمحاسبة
653 _aمحاسبة التكاليف
942 _cكتاب
999 _c43238
_d43238